000 01029nam0a22002651 4500
001 v19\rc\1241445
005 20250617232607.0
035 _a(NLR Aleph) 004399381
090 _a3857914
_c3857914
100 _a20060306e18861886|||y0rusy50 ca
101 0 _arus
102 _aRU
105 _ay z |||||
200 1 _aО дезинфекции больничных помещений
_f[Соч.] С.Э. Крупина
210 _a[Санкт-Петербург]
_cтип. М.М. Стасюлевича
_dценз. 1886
215 _a15 с.
_d24
309 _aБез тит. л. и обл.
311 _aОтт. из Еженед. клинич. газ. 1886, № 24
488 0 _12001#$aЕженедельная клиническая газета$v1886, № 24
_tЕженедельная клиническая газета
700 1 _aКрупин
_bС.Э.
_f1857-1900
_gСемен Эрастович
801 0 _aRU
_bNLR
_gpsbo
801 1 _aRU
_bProSoft-M
_2rusmarc
852 _aNLR
_j18.208.1.366
942 _cBOOK
980 _aNB